Varovné signály očkování /

Hlavní autor: Strunecká, Anna, 1944-
Jazyk: Čeština
Vydáno: Podlesí : ALMI, 2012
Témata:
Fyzický popis: 287 s. ; 20 cm
Knihy
Uloženo v:
LEADER 01866cam a2200493 a 4500
001 nkc20122372772
003 CZ PrNK
005 20181129092430.0
007 ta
008 120710s2012 xr e f 001 0 cze d
015 |a cnb002372772 
020 |a 978-80-87494-04-2  |q (brož.) 
035 |a (OCoLC)883370138 
040 |a KLG001  |b cze  |d BOA001  |d ABA001 
072 7 |a 614  |x Veřejné zdraví a hygiena  |2 Konspekt  |9 14 
080 |a 614.47  |2 MRF 
080 |a 615.371  |2 MRF 
080 |a 615.065  |2 MRF 
080 |a 616-084  |2 MRF 
080 |a (0.062)  |2 MRF 
100 1 |a Strunecká, Anna,  |d 1944-  |7 nlk19990073902  |4 aut 
245 1 0 |a Varovné signály očkování /  |c Anna Strunecká 
260 |a Podlesí :  |b ALMI,  |c 2012 
300 |a 287 s. ;  |c 20 cm 
504 |a Obsahuje bibliografické odkazy a rejstřík 
650 0 7 |a očkování  |7 ph123896  |2 czenas 
650 0 7 |a vakcíny  |7 ph118227  |2 czenas 
650 0 7 |a vedlejší účinky léků  |7 ph202523  |2 czenas 
650 0 7 |a prevence onemocnění  |7 ph137258  |2 czenas 
650 0 9 |a vaccination  |2 eczenas 
650 0 9 |a vaccines  |2 eczenas 
650 0 9 |a side effects of drugs  |2 eczenas 
650 0 9 |a prevention of diseases  |2 eczenas 
655 7 |a populárně-naučné publikace  |7 fd131864  |2 czenas 
655 9 |a popular works  |2 eczenas 
910 2 |a BOA001  |b 2-1306.816 
928 9 |a Miloš Palatka - ALMI 
990 |a BK 
995 |a 01 
991 |b 201307  |c NOV  |e n  |j 614 STR 
996 6 |b 2610553408  |c 2-1306.816  |l MZK  |r Sklad / do 1 hodiny  |n 10  |p p.v.  |w 001336938  |u 000010  |a 1  |e BOA001  |j MZK50  |s P 
996 6 |b 2610553409  |c 2-1306.816  |l MZK  |r STM 6p  |n 0  |p p.v.  |h 614 STR  |w 001336938  |u 000020  |a 0  |e BOA001  |j MZK50  |s P 
996 7 |b 2610562809  |c 2-1306.816  |l MZK  |r Sklad / do 1 hodiny  |n 35  |p kup  |w 001336938  |u 000030  |a 1  |e BOA001  |j MZK50  |s A 
996 7 |b 2610763536  |c 2-1306.816  |l MZK  |r Sklad / do 1 hodiny  |n 4  |p kup  |w 001336938  |u 000040  |a 1  |e BOA001  |j MZK50  |s A